name the alli - Statistiques

Statistiques générales
  • Ce quiz a été pris 18 fois
  • Le résultat moyen est 30 sur 31
Statistiques - réponses
Hint Réponse % Correct
mrs eurasian Alice
100%
mur du son Antoine
100%
frappo dinguo Cedric
100%
mr.umbrella Chahan
100%
pecs sur patte David
100%
comme la marque Fila
100%
no water Gaelle
100%
belle marie Jeanne-Marie
100%
o cul p Julien
100%
der des der Laura
100%
double agent Marie
100%
Pingouin Martin
100%
philogistique Philomene
100%
l'espagne Pierre
100%
deux doigts Renzo
100%
maman-sucre Selene
100%
cap breton Suzie
100%
guerrier trash Thomas
100%
a l'ouest Capucine
94%
la marmotte Evan
94%
simpletos Fanny
94%
marjo Ines
94%
maitre charcutier Jean-Victor
94%
baignoire Lilian
94%
le sniper Matthieu
94%
pythalcoolique Maxime
94%
1,2,3 bras de fer Stan
94%
l'escroc Tinael
94%
objectif: viser le verre Annaelle
88%
la provencale Cecile
81%
macintosh Maelisse
81%
Aucun quiz correspondant
Distribution des résultats
% des personnes avec chaque résultat
Percentile par nombre de réponses
Votre historique - résultats
Vous n’avez pas pris ce quiz